[Event "Gibraltar Masters 2014"]
[Site "Caleta ENG"]
[Date "2014.01.29"]
[Round "2.106"]
[White "Urbina Perez, J."]
[Black "Gravett, A."]
[Result "1-0"]
[WhiteElo "2183"]
[BlackElo "1872"]
[PlyCount "95"]
[EventDate "2014.01.28"]

1. e4 c5 2. Nf3 Nf6 3. Nc3 d5 4. exd5 Nxd5 5. Bb5+ Bd7 6. Qe2 Nb4 7. d3 Bxb5 8.
Nxb5 a6 9. Nc3 N8c6 10. a3 Nd5 11. O-O e6 12. Ne4 Be7 13. c3 h6 14. Be3 b6 15.
Rfd1 Qc7 16. Rac1 Qb7 17. d4 cxd4 18. Nxd4 Nxe3 19. Qxe3 O-O 20. Qf3 Rac8 21.
Rd3 Qc7 22. Nxc6 Qxc6 23. Rcd1 Qb5 24. Rd7 Bg5 25. Nxg5 Qxg5 26. Qd3 b5 27. g3
Qc5 28. Qd6 Qc6 29. Qxc6 Rxc6 30. Ra7 Kh7 31. Rdd7 Kg6 32. Kf1 Kf6 33. Ke2 e5
34. Kd3 Ke6 35. Kc2 g6 36. Re7+ Kf6 37. Kb3 a5 38. a4 Rb6 39. Reb7 bxa4+ 40.
Kxa4 Rb8 41. Rxb6+ Rxb6 42. b3 Ke6 43. Rxa5 Kf5 44. Ra7 f6 45. c4 Ke4 46. c5
Rc6 47. Kb5 Rc8 48. Rd7 1-0

[Event "Gibraltar Masters 2014"]
[Site "Caleta ENG"]
[Date "2014.01.29"]
[Round "2.107"]
[White "George, Lolomari Erekosima"]
[Black "Malmdin, N."]
[Result "0-1"]
[WhiteElo "1835"]
[BlackElo "2175"]
[PlyCount "96"]
[EventDate "2014.01.28"]

1. Nf3 g6 2. c4 c5 3. d4 cxd4 4. Qxd4 Nf6 5. Nc3 Nc6 6. Qd3 Bg7 7. g3 d6 8. Bg2
O-O 9. O-O Bf5 10. e4 Be6 11. Ng5 Bd7 12. Re1 Ne5 13. Qe2 Rc8 14. b3 h6 15. Nf3
Bg4 16. Bb2 a6 17. Qe3 Bxf3 18. Bxf3 Qa5 19. Be2 b5 20. cxb5 axb5 21. Nxb5 Nfg4
22. Qa7 Qxa7 23. Nxa7 Rc2 24. Bc1 Nxf2 25. Be3 Nfd3 26. b4 Nxe1 27. Rxe1 Rxa2
28. b5 Nd7 29. Bg4 Nc5 30. Nc6 Rb2 31. Nxe7+ Kh7 32. Nc8 Nxe4 33. Bxh6 Bd4+ 34.
Be3 Bxe3+ 35. Rxe3 f5 36. Ne7 Rxb5 37. Bf3 d5 38. g4 Rb1+ 39. Kg2 Rb2+ 40. Kh3
Ng5+ 41. Kh4 Ne4 42. gxf5 gxf5 43. Re2 Rxe2 44. Bxe2 Kg7 45. Nxd5 Rh8+ 46. Bh5
Nf6 47. Nf4 Nxh5 48. Nxh5+ Kg6 0-1

[Event "Gibraltar Masters 2014"]
[Site "Caleta ENG"]
[Date "2014.01.29"]
[Round "2.108"]
[White "Valenti, G."]
[Black "Dennis, N."]
[Result "1-0"]
[WhiteElo "2172"]
[BlackElo "1848"]
[PlyCount "139"]
[EventDate "2014.01.28"]

1. e4 c5 2. Nf3 d6 3. d4 cxd4 4. Nxd4 Nf6 5. Nc3 g6 6. Be3 Bg7 7. f3 Nc6 8. Bc4
a6 9. Qd2 O-O 10. O-O-O Nxd4 11. Bxd4 b5 12. Bb3 Qc7 13. Bxf6 exf6 14. Qxd6
Qxd6 15. Rxd6 f5 16. Rd3 fxe4 17. Nxe4 Bf5 18. Bd5 Bxe4 19. fxe4 Rad8 20. Rf1
Bh6+ 21. Kd1 Kg7 22. g4 Bg5 23. c3 Rd6 24. Kc2 Rf6 25. Rxf6 Bxf6 26. Bb7 Re8
27. Rd7 a5 28. a3 Re7 29. Rxe7 Bxe7 30. b4 axb4 31. axb4 Kf6 32. Bd5 Ke5 33.
Bxf7 Kxe4 34. Bg8 h5 35. gxh5 gxh5 36. Bf7 h4 37. Be8 h3 38. Bxb5 Bd6 39. Bf1
Bxh2 40. Bxh3 Kd5 41. Kd3 Kc6 42. Bf1 Bg1 43. Ke4 Bf2 44. Kd3 Kb6 45. Kc4 Be3
46. Kb3 Bf2 47. Bh3 Bg1 48. Bd7 Bf2 49. Be8 Be3 50. c4 Bf2 51. Kc2 Kc7 52. c5
Kd8 53. Ba4 Kc7 54. Kd3 Bg1 55. Kc4 Bf2 56. b5 Kb7 57. Bd1 Bg3 58. Bf3+ Kc7 59.
Kd5 Bf4 60. Ke6 Be3 61. b6+ Kb8 62. Kd6 Bf2 63. Kc6 Bg1 64. Kb5 Bh2 65. c6 Kc8
66. Bg4+ Kb8 67. Kc4 Bg3 68. Kd5 Bf4 69. Ke6 Bh2 70. Kd7 1-0

[Event "Gibraltar Masters 2014"]
[Site "Caleta ENG"]
[Date "2014.01.29"]
[Round "2.109"]
[White "Kvisla, J."]
[Black "Cruz Fiallos, Hamilton Tarley"]
[Result "1-0"]
[WhiteElo "2154"]
[BlackElo "1844"]
[PlyCount "97"]
[EventDate "2014.01.28"]

1. d4 d5 2. Nf3 Nf6 3. c4 e6 4. g3 c6 5. Bg2 Bd6 6. O-O Nbd7 7. Nc3 O-O 8. Qc2
dxc4 9. e4 e5 10. Rd1 Qc7 11. a4 exd4 12. Nxd4 Nc5 13. Ndb5 cxb5 14. Nxb5 Qe7
15. Nxd6 Rd8 16. Nxc4 Rxd1+ 17. Qxd1 Ncxe4 18. Qe1 Bf5 19. Bf4 Re8 20. Qa5 Qc5
21. Qxc5 Nxc5 22. Nd6 Nb3 23. Rf1 Bd7 24. Nxe8 Bxe8 25. Bxb7 Bxa4 26. Re1 h6
27. Be3 a5 28. Bf3 Bd7 29. Rd1 Be6 30. Rd8+ Kh7 31. Bd1 a4 32. Ra8 Bd7 33. Bc2+
g6 34. Rb8 Na1 35. Bd4 Nxc2 36. Bxf6 g5 37. Bc3 a3 38. bxa3 Nxa3 39. f3 h5 40.
Bd2 g4 41. f4 Nc4 42. Bc3 Be6 43. Rh8+ Kg6 44. Rg8+ Kh6 45. Rg5 Nd6 46. Bg7+
Kh7 47. Be5 f6 48. Bxf6 Ne4 49. Re5 1-0

[Event "Gibraltar Masters 2014"]
[Site "Caleta ENG"]
[Date "2014.01.29"]
[Round "2.110"]
[White "Rygg, Snorre"]
[Black "Vinas Guerrero, C."]
[Result "0-1"]
[WhiteElo "1840"]
[BlackElo "2153"]
[PlyCount "52"]
[EventDate "2014.01.28"]

1. d4 d5 2. c4 c6 3. Nc3 e6 4. Nf3 dxc4 5. a4 Bb4 6. e4 b5 7. Bd2 a5 8. axb5
Bxc3 9. Bxc3 cxb5 10. d5 Nf6 11. dxe6 Qxd1+ 12. Rxd1 fxe6 13. b3 O-O 14. Bxf6
gxf6 15. bxc4 b4 16. Nd4 Na6 17. Nc6 Nc5 18. Bd3 Bb7 19. Nd4 Rfd8 20. Bb1 e5
21. Nb5 Rxd1+ 22. Kxd1 Rd8+ 23. Kc1 Bxe4 24. Bxe4 Nxe4 25. f3 Nc5 26. Nc7 Rd4
0-1

[Event "Gibraltar Masters 2014"]
[Site "Caleta ENG"]
[Date "2014.01.29"]
[Round "2.111"]
[White "Lercel, M."]
[Black "Christophe Hayot, R."]
[Result "1-0"]
[WhiteElo "2150"]
[BlackElo "1841"]
[PlyCount "91"]
[EventDate "2014.01.28"]

1. e4 d5 2. exd5 Nf6 3. d4 Nxd5 4. c4 Nb6 5. Nc3 c6 6. h3 g6 7. Nf3 Bg7 8. Be2
O-O 9. O-O N8d7 10. Be3 Nf6 11. Qb3 Be6 12. a4 a5 13. d5 Nbxd5 14. cxd5 cxd5
15. Bd4 Bh6 16. Bxf6 exf6 17. Nd4 Qd6 18. Rad1 Qb4 19. Bf3 Rfd8 20. Nxd5 Bxd5
21. Bxd5 Rd7 22. Qxb4 axb4 23. Bb3 Rad8 24. Nb5 b6 25. Rxd7 Rxd7 26. Rd1 Rxd1+
27. Bxd1 Bc1 28. b3 Bb2 29. Kf1 Kf8 30. Ke2 Ke7 31. Kd3 Bc1 32. Kc4 Bd2 33. Nd4
Kd6 34. Nc2 f5 35. Nxb4 Be1 36. Nd3 Bd2 37. Bf3 g5 38. Kb5 Kc7 39. Nb4 Be1 40.
Nd5+ Kd6 41. Nxb6 Bxf2 42. a5 Kc7 43. Na4 Kd6 44. a6 Kc7 45. Nc5 Kb8 46. Kb6
1-0

[Event "Gibraltar Masters 2014"]
[Site "Caleta ENG"]
[Date "2014.01.29"]
[Round "2.112"]
[White "Steenbergen, P."]
[Black "Bar, Av"]
[Result "0-1"]
[WhiteElo "1772"]
[BlackElo "2148"]
[PlyCount "54"]
[EventDate "2014.01.28"]

1. e4 c5 2. Nf3 d6 3. Bb5+ Nc6 4. d4 cxd4 5. Qxd4 Bd7 6. Bxc6 Bxc6 7. Bg5 Nf6
8. Nc3 e6 9. O-O-O Be7 10. Rhe1 Qa5 11. Kb1 O-O 12. Qd2 Qc7 13. Nd4 Rfd8 14. f3
Be8 15. g4 a6 16. h4 b5 17. Bxf6 Bxf6 18. g5 Be7 19. h5 b4 20. Nce2 d5 21. g6
dxe4 22. gxh7+ Kh8 23. h6 g6 24. Qe3 exf3 25. Qxf3 Rac8 26. Rc1 Kxh7 27. Ng3
Rxd4 0-1

[Event "Gibraltar Masters 2014"]
[Site "Caleta ENG"]
[Date "2014.01.29"]
[Round "2.113"]
[White "Byron, A."]
[Black "Nordstrom, Hakon N"]
[Result "0-1"]
[WhiteElo "2149"]
[BlackElo "1835"]
[PlyCount "78"]
[EventDate "2014.01.28"]

1. e4 e6 2. d4 d5 3. e5 c5 4. c3 Nc6 5. Nf3 Qb6 6. a3 c4 7. Nbd2 Na5 8. g3 Bd7
9. Bh3 Be7 10. O-O h5 11. Ne1 g5 12. f4 g4 13. Bg2 Nh6 14. Nc2 Ba4 15. Rf2 Nf5
16. Nf1 O-O-O 17. Rb1 Bb3 18. Ra1 Rdg8 19. Qe2 Bxc2 20. Qxc2 Nb3 21. Rb1 h4 22.
Bxd5 hxg3 23. hxg3 Nfxd4 24. cxd4 exd5 25. Be3 Nxd4 26. Bxd4 Qxd4 27. Rd1 Qe4
28. Qxe4 dxe4 29. Re2 Bc5+ 30. Kg2 Rh6 31. Rxe4 b5 32. f5 Kc7 33. e6 fxe6 34.
fxe6 Re8 35. Rd5 Bb6 36. Rxb5 Rhxe6 37. Rxc4+ Kb7 38. Rxg4 Re2+ 39. Kf3 Rf2#
0-1

[Event "Gibraltar Masters 2014"]
[Site "Caleta ENG"]
[Date "2014.01.29"]
[Round "2.114"]
[White "Kristinsson, Magnus"]
[Black "Van den Bersselaar, J."]
[Result "0-1"]
[WhiteElo "1741"]
[BlackElo "2146"]
[PlyCount "74"]
[EventDate "2014.01.28"]

1. e4 c6 2. d4 d5 3. f3 g6 4. Nc3 Bg7 5. Be3 dxe4 6. fxe4 Qb6 7. Qd2 Qxb2 8.
Rb1 Qa3 9. Bc4 Nd7 10. e5 Nb6 11. Bb3 Bf5 12. Nf3 Rd8 13. O-O e6 14. Bg5 Ne7
15. Qf4 h6 16. Bxe7 Qxe7 17. Ne4 Bxe4 18. Qxe4 c5 19. c3 Qc7 20. Nh4 Qc6 21.
Qg4 h5 22. Qg5 Rd7 23. Nxg6 Bh6 24. Qf6 Rg8 25. Nh4 Bg5 26. Qf3 Bxh4 27. d5
Nxd5 28. g3 Bg5 29. c4 Be3+ 30. Kh1 Nc3 31. Qxc6 bxc6 32. Rbe1 Bd2 33. Ra1 Rd4
34. Rf2 Ne4 35. Re2 h4 36. Rg2 hxg3 37. h3 Nc3 0-1

[Event "Gibraltar Masters 2014"]
[Site "Caleta ENG"]
[Date "2014.01.29"]
[Round "2.115"]
[White "Osuna Vega, E."]
[Black "Holleland, Sigve"]
[Result "1-0"]
[WhiteElo "2141"]
[BlackElo "1812"]
[PlyCount "95"]
[EventDate "2014.01.28"]

1. e4 c5 2. Nf3 d6 3. d4 cxd4 4. Nxd4 Nf6 5. f3 Nc6 6. c4 e5 7. Nc2 Be7 8. Be3
O-O 9. Nc3 Nh5 10. Qd2 h6 11. O-O-O a6 12. Nd5 Be6 13. g4 Nf4 14. Bb6 Qd7 15.
h4 Bxd5 16. exd5 Nb8 17. Kb1 Ng6 18. g5 h5 19. Bd3 Qe8 20. Be3 Nd7 21. Bf5 Rc8
22. b3 b5 23. cxb5 axb5 24. Nb4 Bd8 25. Nc6 Ne7 26. Be4 Bb6 27. Bxb6 Nxb6 28.
Rc1 Rc7 29. Qd3 Qd7 30. Qxb5 Rb7 31. Nxe7+ Qxe7 32. Rc6 Rfb8 33. Qb4 Nxd5 34.
Qxd6 Nc3+ 35. Kb2 Nxe4 36. Qxe7 Rxe7 37. fxe4 Rd7 38. Rhc1 Rb4 39. R6c4 Rd2+
40. R1c2 Rxc4 41. bxc4 Rd4 42. c5 Rxe4 43. Kb3 Rd4 44. c6 Rd8 45. c7 Rc8 46.
Kb4 e4 47. Kb5 e3 48. Kb6 1-0

[Event "Gibraltar Masters 2014"]
[Site "Caleta ENG"]
[Date "2014.01.29"]
[Round "2.116"]
[White "Neumanova, M."]
[Black "Allor, C."]
[Result "0-1"]
[WhiteElo "1719"]
[BlackElo "2135"]
[PlyCount "68"]
[EventDate "2014.01.28"]

1. d4 Nf6 2. c4 g6 3. f3 d5 4. cxd5 Nxd5 5. e4 Nb6 6. Nc3 Bg7 7. Be3 O-O 8. Qd2
Qd6 9. Nb5 Qd7 10. Rc1 c6 11. Nc3 Rd8 12. Rd1 Qe6 13. Qc1 Qd6 14. Bf2 Qb4 15.
a3 Qb3 16. Rd3 Qe6 17. Nge2 Qd7 18. Ng3 h5 19. h4 Qe8 20. Be2 Be6 21. Rd1 Bb3
22. Rd3 e5 23. dxe5 Rxd3 24. Bxd3 Qxe5 25. O-O N8d7 26. f4 Qe7 27. Nge2 Rd8 28.
Bc2 Nc5 29. Kh1 Bc4 30. Qb1 Bxc3 31. Nxc3 Bxf1 32. Qxf1 Rd2 33. Bb1 Nca4 34.
Ne2 Qd8 0-1

[Event "Gibraltar Masters 2014"]
[Site "Caleta ENG"]
[Date "2014.01.29"]
[Round "2.117"]
[White "Magnusdottir, Veronika Steinunn"]
[Black "Samu, S."]
[Result "0-1"]
[WhiteElo "1561"]
[BlackElo "2131"]
[PlyCount "58"]
[EventDate "2014.01.28"]

1. e4 e6 2. d4 c5 3. Nf3 cxd4 4. Nxd4 a6 5. g3 d6 6. Bg2 Be7 7. a4 Nd7 8. Be3
Qc7 9. O-O Ngf6 10. Qe2 O-O 11. f4 Rb8 12. Na3 b6 13. e5 Nd5 14. Bxd5 exd5 15.
Nf5 Nc5 16. exd6 Bxd6 17. Nxd6 Qxd6 18. Bd4 f6 19. Nb1 Ne6 20. Bf2 d4 21. Nd2
Bb7 22. Be1 Rbc8 23. Qd3 Qd5 24. Nf3 g5 25. Qb3 Rc4 26. h3 gxf4 27. g4 Ng5 28.
h4 Nxf3+ 29. Rxf3 Re8 0-1

[Event "Gibraltar Masters 2014"]
[Site "Caleta ENG"]
[Date "2014.01.29"]
[Round "2.118"]
[White "Burrows, M."]
[Black "Nielsen, Pet"]
[Result "1-0"]
[WhiteElo "2127"]
[BlackElo "1760"]
[PlyCount "69"]
[EventDate "2014.01.28"]

1. e4 e5 2. Nf3 Nc6 3. Bb5 a6 4. Ba4 Nf6 5. O-O Be7 6. Re1 b5 7. Bb3 d6 8. c3
O-O 9. h3 Nb8 10. d4 Nbd7 11. a4 Bb7 12. Bc2 Re8 13. Nbd2 Bf8 14. Bd3 c6 15. b3
exd4 16. cxd4 g6 17. Qc2 Bg7 18. Bb2 Qb6 19. Rac1 Rac8 20. Ba3 c5 21. d5 Nh5
22. Bf1 Ne5 23. Nxe5 Bxe5 24. Nf3 Bg7 25. Rb1 Re7 26. Bc1 b4 27. Bg5 Bf6 28.
Bxf6 Nxf6 29. Bd3 a5 30. Qd2 Ba6 31. Bxa6 Qxa6 32. Qg5 Kg7 33. Nh4 Qd3 34. Nf5+
Kf8 35. Qxf6 1-0

[Event "Gibraltar Masters 2014"]
[Site "Caleta ENG"]
[Date "2014.01.29"]
[Round "2.120"]
[White "Becham, Khalid"]
[Black "Bauer, D."]
[Result "1-0"]
[WhiteElo "2122"]
[BlackElo "1727"]
[PlyCount "29"]
[EventDate "2014.01.28"]

1. e4 g6 2. d4 c6 3. c4 Bg7 4. Nc3 d6 5. h3 e5 6. Nf3 Qe7 7. b3 exd4 8. Nxd4 a5
9. Be2 Nf6 10. Bf3 Nbd7 11. O-O O-O 12. Ba3 Nh5 13. Bxh5 gxh5 14. Nf5 Qg5 15.
f4 1-0

[Event "Gibraltar Masters 2014"]
[Site "Caleta ENG"]
[Date "2014.01.29"]
[Round "2.121"]
[White "Duff, R."]
[Black "Villa Armenta, Enrique"]
[Result "1-0"]
[WhiteElo "2113"]
[BlackElo "1718"]
[PlyCount "55"]
[EventDate "2014.01.28"]

1. d4 g6 2. e4 Bg7 3. Nc3 d6 4. Be3 a6 5. a4 b6 6. Nf3 Bb7 7. Be2 Nd7 8. O-O e5
9. d5 Ne7 10. Nb1 Nf6 11. Nfd2 O-O 12. b4 Nd7 13. c4 f5 14. f3 fxe4 15. fxe4
Rxf1+ 16. Qxf1 Qf8 17. Qxf8+ Rxf8 18. Nc3 Bc8 19. a5 h5 20. axb6 c5 21. bxc5
dxc5 22. Nb3 Rf6 23. Nxc5 Rxb6 24. Nxd7 Rb3 25. Nb6 Rxc3 26. Bg5 Rb3 27. c5 Bf8
28. d6 1-0

[Event "Gibraltar Masters 2014"]
[Site "Caleta ENG"]
[Date "2014.01.29"]
[Round "2.123"]
[White "Compton, A."]
[Black "Kuenitz, K."]
[Result "1-0"]
[WhiteElo "2104"]
[BlackElo "1525"]
[PlyCount "37"]
[EventDate "2014.01.28"]

1. e4 e6 2. d4 d5 3. Nc3 dxe4 4. Nxe4 Nd7 5. Nf3 Ngf6 6. Nxf6+ Nxf6 7. Bg5 Be7
8. Bd3 O-O 9. Qe2 Qd5 10. O-O h6 11. Bh4 Qh5 12. Rfe1 Nd5 13. Bxe7 Nxe7 14. Qe4
g6 15. c4 Re8 16. Qf4 c6 17. g4 e5 18. Nxe5 g5 19. Qf3 1-0